RICS global climate change strategy (Record no. 110274)
[ view plain ]
| 000 -LEADER | |
|---|---|
| fixed length control field | 01339cad a22002415a 4500 |
| 001 - CONTROL NUMBER | |
| control field | E148905 |
| 008 - FIXED-LENGTH DATA ELEMENTS--GENERAL INFORMATION | |
| fixed length control field | 091125s2009 xxk f 000 0 eng d |
| 035 ## - SYSTEM CONTROL NUMBER | |
| System control number | (Sirsi) u148905 |
| 041 0# - LANGUAGE CODE | |
| Language code of text/sound track or separate title | eng |
| 050 04 - LIBRARY OF CONGRESS CALL NUMBER | |
| Classification number | 333.72 $2 18 |
| 100 1# - MAIN ENTRY--PERSONAL NAME | |
| Personal name | Hartenberger, Ursula |
| 245 00 - TITLE STATEMENT | |
| Title | RICS global climate change strategy |
| Medium | [electronic resource] |
| 260 ## - PUBLICATION, DISTRIBUTION, ETC. | |
| Place of publication, distribution, etc. | London |
| Name of publisher, distributor, etc. | RICS |
| Date of publication, distribution, etc. | 2009 |
| 505 2# - FORMATTED CONTENTS NOTE | |
| Formatted contents note | Executive summary -- Message from RICS Chief Executive -- Climate change, why should RICS and its members be involved? -- RICS actions on climate change -- Global climate change policy context -- Climate change policy work across the world regions, an overview of past, current & future action -- Acknowledgements & references |
| 520 ## - SUMMARY, ETC. | |
| Summary, etc. | Sets out, in the context of current global policy across the world regions, why the surveying profession needs to engage actively on climate change. It identifies the principles RICS will apply to focus its activity and sets out the key elements of a work plan for the next 12 months. |
| 521 ## - TARGET AUDIENCE NOTE | |
| Target audience note | Advanced |
| 590 ## - LOCAL NOTE (RLIN) | |
| Local note | KA |
| 651 #4 - SUBJECT ADDED ENTRY--GEOGRAPHIC NAME | |
| Geographic name | International |
| 690 ## - LOCAL SUBJECT ADDED ENTRY--TOPICAL TERM (OCLC, RLIN) | |
| Topical term or geographic name as entry element | ENVIRONMENTAL AND LAND CONSULTANCY-SUSTAINABILITY |
| 700 1# - ADDED ENTRY--PERSONAL NAME | |
| Personal name | Cook, Daniel |
| 856 40 - ELECTRONIC LOCATION AND ACCESS | |
| Uniform Resource Identifier | <a href="https://www.rics.org/site/scripts/download_info.aspx?downloadID=4261&fileID=5075">https://www.rics.org/site/scripts/download_info.aspx?downloadID=4261&fileID=5075</a> |
| Public note | View the strategy free of charge at www.rics.org... |
| 942 ## - ADDED ENTRY ELEMENTS (KOHA) | |
| Suppress in OPAC | 0 |
| Withdrawn status | Lost status | Source of classification or shelving scheme | Damaged status | Not for loan | Home library | Current library | Shelving location | Date acquired | Total Checkouts | Full call number | Barcode | Date last seen | Copy number | Price effective from | Koha item type |
|---|---|---|---|---|---|---|---|---|---|---|---|---|---|---|---|
| Dewey Decimal Classification | Virtual | Virtual | Online | 25/11/2009 | ONLINE PUBLICATION | 148905-2001 | 06/08/2019 | 1 | 06/08/2019 | Book |